000 00713nam a2200301Ia 4500
005 20260401122434.0
008 008 250103s9999 xx 000 0 eng d
020 _a9788125055136
037 _aTB
040 _aEDL
040 _beng
040 _cEDL
041 _2eng
041 _aeng
084 _a741.56954DEV
084 _qEDL
100 _aDevadawson, Christel R.
_91233621
245 0 _aOut of Line: Cartoons, caricature and contemporary India
245 0 _cDevadawson, Christel R.
260 _aNew Delhi
260 _bOrient Blackswan
260 _c2014
300 _a278p
942 _cTB
942 _h741.56954DEV
999 _c1847296
_d1847296